|
|
|
|
| LEADER |
00000nab a2200000 a 4500 |
| 001 |
vtls000531712 |
| 003 |
SK-MaSNL |
| 005 |
20260303211722.0 |
| 008 |
160205c1993 xo 0 slo |
| 015 |
|
|
|a SNBRA19rr/mm-uuuuu
|
| 035 |
|
|
|a CL0531850
|
| 040 |
|
|
|a SNKBUCL
|b slo
|c SNKBUCL
|e AACR2
|
| 041 |
0 |
|
|a slo
|
| 044 |
|
|
|a xo
|c SK
|
| 080 |
|
|
|a 656.135.073.436:351.811.12
|2 1981
|
| 080 |
|
|
|a 351.811.12
|2 1981
|
| 100 |
1 |
|
|a Šimun, Milan
|4 aut
|9 794036
|
| 245 |
1 |
0 |
|a Dohoda ADR - Zmeny a doplnky od roku 1993
|c Milan Šimun
|
| 300 |
|
|
|b Res. angl. Lit. 6 zázn. v angl., češ.
|
| 650 |
0 |
7 |
|a medzinárodná cestná doprava
|2 snkbucl
|9 87279
|
| 650 |
0 |
7 |
|a náklady nebezpečné
|2 snkbucl
|9 966477
|
| 650 |
0 |
7 |
|a Európska dohoda o medzinárodnej cestnej preprave nebezpečných vecí
|2 snkbucl
|9 984548
|
| 655 |
|
7 |
|a články zo zborníkov
|2 snkbucl
|9 166140
|
| 773 |
0 |
|
|t Skúšanie a homologizácia motorových vozidiel v medzinárodných súvislostiach
|d Žilina : Wettrans, 1993
|g S. 137-146
|z 8085418177
|
| 850 |
|
|
|a Slovenská národná knižnica v Martine
|a MTA001
|
| 852 |
|
|
|a SNK
|b KIS3GCP
|
| 958 |
|
|
|a NB
|
| 958 |
|
|
|a RK
|
| 992 |
|
|
|a RZB
|
| 999 |
|
|
|c 2203882
|d 2205812
|